| 000 | 00766nam a2200217 u 4500 | ||
|---|---|---|---|
| 001 | 000767488 | ||
| 003 | AM-YEHGA | ||
| 005 | 20250617164816.0 | ||
| 008 | 101022s1962 ru a||||r|||||000|0|rus|| | ||
| 040 | _aAM-YeHGA | ||
| 041 | 0 | _arus | |
| 245 | 0 | 0 |
_aСправочник технолога-приборостроителя / _cА.Т. Белевцев и др. ; Под ред. А.Н. Малова. |
| 260 |
_aМосква : _bМашгиз, _c1962. |
||
| 300 |
_a988 с. : _bил., табл. ; _c22 см. |
||
| 500 | _aПредм. указ. : с. 948-988 | ||
| 650 | 1 | 4 |
_aПриборостроительсво _vСправочники |
| 700 | 1 |
_aМалов, А.Н _eред. _4edt |
|
| 700 | 1 | _aБелевцев, А.Т. | |
| 942 |
_2udc _cBK |
||
| 090 | _c568354 | ||
| 999 |
_c529868 _d529868 |
||